[Event "17th TCh-SLO w"]
[Site "Ljubljana SLO"]
[Date "2007.11.29"]
[Round "1"]
[White "Muzychuk,M"]
[Black "Vucko,M"]
[Result "1-0"]
[WhiteElo "2357"]
[BlackElo "1976"]

1.e4 c5 2.Nf3 d6 3.d4 cxd4 4.Nxd4 Nf6 5.Nc3 a6 6.Be3 e6 7.g4 Be7 8.g5 Nfd7
9.Qd2 O-O 10.h4 Nc6 11.O-O-O Nxd4 12.Qxd4 b5 13.f4 Qa5 14.a3 Rb8 15.Qd2 Bb7
16.Bg2 Nc5 17.Qd4 Rfc8 18.Kb1 Qc7 19.h5 Na4 20.Bd2 e5 21.Qd3 exf4 22.Nxa4 bxa4
23.Bxf4 Qc5 24.h6 Ba8 25.hxg7 Qc4 26.Rh4 Qxd3 27.Rxd3 Kxg7 28.Rdh3 Rh8 29.Be3 f6
30.Bd4 h5 31.gxf6+ Bxf6 32.Rg3+ Kf7 33.Rf4 Rhg8 34.Rxf6+  1-0

[Event "20th Belgrade Trophy"]
[Site "Belgrade SRB"]
[Date "2007.11.30"]
[Round "9"]
[White "Bergsson,Sn"]
[Black "Stankovic,Milo"]
[Result "0-1"]
[WhiteElo "2298"]
[BlackElo "2109"]

1.e4 c5 2.Nf3 d6 3.d4 cxd4 4.Nxd4 Nf6 5.Nc3 a6 6.Be3 e5 7.Nb3 Be6 8.Qd2 Be7
9.Be2 Nbd7 10.O-O-O O-O 11.f4 exf4 12.Bxf4 Ne5 13.Nd4 Qc7 14.Nf5 Bxf5 15.exf5 b5
16.a3 Rab8 17.Qd4 Rfc8 18.Rd2 b4 19.Nb1 Qa5 20.c3 bxa3 21.Nxa3 Rb4 22.Qa7 Rxc3+
23.Kd1 Qxa3 24.Bf3 Qa4+ 25.Ke2 Qb5+ 26.Kf2 Neg4+ 27.Kg3 Qxf5 28.Qa8+ Bf8
29.Qxf8+ Kxf8 30.Bxd6+ Kg8 31.Bxb4 Nh5+ 32.Kh4 g5+  0-1

[Event "Parsvnath ch-Commonwealth"]
[Site "New Delhi IND"]
[Date "2007.12.03"]
[Round "1"]
[White "Konguvel,P"]
[Black "Arvind,U"]
[Result "1-0"]
[WhiteElo "2394"]
[BlackElo "1995"]

1.e4 c5 2.Nf3 d6 3.d4 cxd4 4.Nxd4 Nf6 5.Nc3 a6 6.Be3 g6 7.f3 Bg7 8.Qd2 h5
9.Bc4 Nbd7 10.O-O-O Qc7 11.Bb3 b5 12.Rhe1 Bb7 13.Kb1 Rc8 14.Bg5 O-O 15.Bh6 Nc5
16.Bxg7 Kxg7 17.Qg5 e6 18.h3 Rh8 19.g4 Nxb3 20.cxb3 hxg4 21.hxg4 Rh2 22.Rc1 Qc5
23.Qe3 e5 24.Nf5+ gxf5 25.Qg5+ Kf8 26.Qxf6 Qf2 27.Re2 Qg3 28.Qxd6+ Kg8 29.Rxh2 Qxh2
30.gxf5 Kg7 31.Qd7 b4 32.f6+ Kxf6 33.Qxb7 bxc3 34.Qxa6+ Kg5 35.bxc3 Rd8 36.Qb6 Rd2
37.Qg1+ Kf4 38.Qxh2+ Rxh2 39.Rf1 Ke3 40.a4 Kd3 41.Rc1 Rf2 42.c4 Rxf3 43.c5 Kxe4
44.Kb2 Rd3 45.c6 Rd8 46.b4 f5 47.b5 f4 48.c7 Rc8 49.b6  1-0

[Event "Parsvnath ch-Commonwealth"]
[Site "New Delhi IND"]
[Date "2007.12.03"]
[Round "1"]
[White "Deepan,C"]
[Black "Dahale,A"]
[Result "1-0"]
[WhiteElo "2492"]
[BlackElo "2065"]

1.e4 c5 2.Nf3 d6 3.d4 cxd4 4.Nxd4 Nf6 5.Nc3 a6 6.Be3 e5 7.Nb3 Be6 8.Qd2 Nbd7
9.O-O-O Be7 10.f4 Bc4 11.Kb1 b5 12.a3 Qc7 13.g4 h6 14.Rg1 Nb6 15.Bxb6 Qxb6
16.Bd3 a5 17.h4 b4 18.axb4 axb4 19.Na2 Bxd3 20.Qxd3 Nd7 21.Nd2 Qc5 22.Nb3 Qb6
23.Rh1 Nf6 24.Qe2 h5 25.g5 Ng4 26.Rhe1 O-O 27.Rd5 Rfc8 28.Qc4 Ne3 29.Rxe3 Qxe3
30.g6 Qe1+  1-0

[Event "Open"]
[Site "Ascona SUI"]
[Date "2007.12.04"]
[Round "3"]
[White "Kritz,L"]
[Black "Abergel,T"]
[Result "1-0"]
[WhiteElo "2596"]
[BlackElo "2528"]

1.e4 c5 2.Nf3 d6 3.d4 cxd4 4.Nxd4 Nf6 5.Nc3 a6 6.Be3 e5 7.Nb3 Be7 8.f3 Be6
9.Qd2 O-O 10.O-O-O Nbd7 11.g4 b5 12.g5 b4 13.Ne2 Ne8 14.Kb1 a5 15.h4 Nc7
16.f4 a4 17.Nbc1 Nc5 18.Bxc5 dxc5 19.Qe1 Qb8 20.f5 Bxa2+ 21.Nxa2 b3 22.Nec1 bxa2+
23.Nxa2 Qb7 24.Bc4 Rab8 25.Qc3 Qxe4 26.Rhe1 Qxh4 27.f6 gxf6 28.Rh1 Qe4 29.Bd3 Nb5
30.Qd2  1-0

[Event "Parsvnath ch-Commonwealth"]
[Site "New Delhi IND"]
[Date "2007.12.04"]
[Round "3"]
[White "Narayanan,Sr"]
[Black "Patil,Pr2"]
[Result "1-0"]
[WhiteElo "2201"]
[BlackElo "1947"]

1.e4 c5 2.Nf3 d6 3.d4 cxd4 4.Nxd4 Nf6 5.Nc3 a6 6.Be3 e5 7.Nb3 Be6 8.f4 exf4
9.Bxf4 Nc6 10.Qd2 Be7 11.h3 Nd7 12.O-O-O Nc5 13.Kb1 O-O 14.g4 Rc8 15.Qe1 Qc7
16.Nd4 b5 17.g5 b4 18.Nd5 Bxd5 19.exd5 Na5 20.Bd3 Rfe8 21.Qf2 Nxd3 22.Rxd3  1-0

[Event "Parsvnath ch-Commonwealth"]
[Site "New Delhi IND"]
[Date "2007.12.06"]
[Round "6"]
[White "Bakre,T"]
[Black "Debashis,D"]
[Result "1/2-1/2"]
[WhiteElo "2459"]
[BlackElo "2286"]

1.e4 c5 2.Nf3 d6 3.d4 cxd4 4.Nxd4 Nf6 5.Nc3 a6 6.Be3 e5 7.Nf3 Be7 8.Bc4 O-O
9.O-O Nc6 10.Re1 b5 11.Bf1 Rb8 12.Bg5 Ng4 13.Bxe7 Nxe7 14.Qd2 b4 15.Nd1 Nf6
16.a3 a5 17.axb4 axb4 18.Bd3 Bg4 19.Qe3 Ra8 20.Rxa8 Qxa8 21.h3 Bxf3 22.Qxf3 Nc6
23.Bc4 Nd4 24.Qd3 Qc6 25.f3 Qc5 26.Ne3 Rc8 27.Kh2 h6 28.Rd1 Rd8 29.c3 bxc3
30.bxc3 Ne6 31.g3 g6 32.Kg2 Kf8 33.Bxe6 fxe6 34.Ng4 Nxg4 35.hxg4 Kg7  1/2-1/2

[Event "Parsvnath ch-Commonwealth"]
[Site "New Delhi IND"]
[Date "2007.12.06"]
[Round "6"]
[White "Kutwal,S"]
[Black "Ashwin,J"]
[Result "1-0"]
[WhiteElo "2245"]
[BlackElo "2478"]

1.e4 c5 2.Nf3 d6 3.d4 cxd4 4.Nxd4 Nf6 5.Nc3 a6 6.Be3 Ng4 7.Bc1 Nf6 8.Be3 Ng4
9.Bc1 Nc6 10.Be2 Nf6 11.Be3 g6 12.Nd5 Nxd5 13.exd5 Ne5 14.O-O Bg7 15.f4 Nd7
16.c4 a5 17.b3 Nc5 18.Rb1 O-O 19.a3 Bd7 20.Qd2 e5 21.dxe6 fxe6 22.Bf3 Qc8
23.Kh1 Kh8 24.b4 axb4 25.axb4 Na4 26.Rbc1 Qb8 27.Be4 Rd8 28.Qf2 e5 29.fxe5 dxe5
30.Qh4 Ra6 31.Nf3 Rf8 32.Ng5 h5 33.Bxg6 Rxg6 34.Qxh5+ Rh6 35.Rxf8+ Qxf8 36.Nf7+ Kh7
37.Nxh6 Bxh6 38.Qxe5 Qe8 39.Qxe8 Bxe8 40.Bxh6 Kxh6 41.Re1 Bc6 42.Re6+ Kg5
43.b5 Bd7 44.Re7 Bc8 45.Rc7 Be6 46.Rxb7 Bxc4 47.b6 Bd5 48.Rg7+ Kf6 49.b7 Kxg7
50.b8=Q  1-0

[Event "Parsvnath ch-Commonwealth"]
[Site "New Delhi IND"]
[Date "2007.12.07"]
[Round "7"]
[White "Abhishek,K"]
[Black "Shyam,N"]
[Result "1/2-1/2"]
[WhiteElo "2123"]
[BlackElo "2295"]

1.e4 c5 2.Nf3 d6 3.d4 cxd4 4.Nxd4 Nf6 5.Nc3 a6 6.Be3 e5 7.Nb3 Be6 8.f3 Nbd7
9.Qd2 Be7 10.O-O-O b5 11.g4 Nb6 12.g5 Nfd7 13.f4 Bc4 14.Na5 Bxf1 15.Rhxf1 Rc8
16.fxe5 Nxe5 17.Bxb6 Qxb6 18.Nd5 Qa7 19.Nxe7 Qxe7 20.Qxd6 Qxg5+ 21.Kb1 Qe7
22.Qxa6 O-O 23.Qd6 Qxd6 24.Rxd6 Rfe8 25.c3 Ng4 26.Rd7 Nf6 27.Rb7 Rxe4 28.Rxb5 Re2
29.h4 Ne4 30.Nb3 Nd6 31.Rb4 Nc4 32.Nd4 Rh2 33.Re1 g6 34.Nf3 Rh3 35.Re4 Nd6
36.Rf4 f5 37.Ng5 Rh1+ 38.Kc2 h6 39.Rfd4 Ne8 40.Nf3 Rf1 41.Ne5 g5 42.Rb6 Re1
43.Rg6+ Kf8 44.Nd7+ Kf7 45.Rxh6 g4 46.Rd5 Kg7 47.Rb6 Rd8 48.h5 Nc7 49.Rg6+ Kh8
50.Rdd6 Ne6 51.Rh6+ Kg7 52.Rg6+ Kf7 53.Rd5 Ke7 54.Nb6 Rxd5 55.Nxd5+ Kd7 56.h6 Rh1
57.h7 Nf8 58.Rf6 Nxh7 59.Rxf5 Ke6 60.Ne3 Rh3 61.Rf4 Rxe3 62.Rxg4 Nf6 63.Rh4  1/2-1/2

[Event "Parsvnath ch-Commonwealth"]
[Site "New Delhi IND"]
[Date "2007.12.08"]
[Round "8"]
[White "Bakre,T"]
[Black "Gomes,Ma"]
[Result "1-0"]
[WhiteElo "2459"]
[BlackElo "2262"]

1.e4 c5 2.Nf3 d6 3.d4 cxd4 4.Nxd4 Nf6 5.Nc3 a6 6.Be3 e5 7.Nf3 Be7 8.Bc4 O-O
9.O-O Be6 10.Qe2 Bxc4 11.Qxc4 b5 12.Qe2 Nbd7 13.Bg5 b4 14.Bxf6 bxc3 15.Bxe7 Qxe7
16.b3 Nf6 17.Rad1 Rfd8 18.Rfe1 a5 19.Nh4 Qe6 20.Qf3 d5 21.exd5 Nxd5 22.Nf5 Nf6
23.Rd6 e4 24.Rxe6 exf3 25.Rc6 Nd5 26.gxf3 Kf8 27.Ne3 Nb4 28.Rxc3 Nxa2 29.Rc4 Nb4
30.Ra1 Nd5 31.Rd4 Nxe3 32.fxe3 Rxd4 33.exd4 Ke7 34.Kf2 Kd6 35.Ke3 Kc6 36.Kd3 Kb5
37.Re1 Ra6 38.Re7 Rf6 39.c4+ Kc6 40.Ke4 g5 41.Re5 Rf4+ 42.Ke3 f6 43.Rxa5 Rh4
44.Ra2 f5 45.b4 Rh3 46.Ra5 g4 47.Rxf5  1-0

[Event "Parsvnath ch-Commonwealth"]
[Site "New Delhi IND"]
[Date "2007.12.09"]
[Round "9"]
[White "Abhishek,K"]
[Black "Priyadharshan,K"]
[Result "0-1"]
[WhiteElo "2123"]
[BlackElo "2298"]

1.Nc3 c5 2.e4 d6 3.Nf3 a6 4.d4 cxd4 5.Nxd4 Nf6 6.Be3 e5 7.Nb3 Be6 8.f3 Nbd7
9.Qd2 b5 10.a4 b4 11.Nd5 Bxd5 12.exd5 Nb6 13.Bxb6 Qxb6 14.a5 Qb7 15.Bc4 Be7
16.Ra4 Rb8 17.Qd3 Ra8 18.Qd2 Rb8 19.Qd3 Ra8 20.Qd2 Rb8 21.Qd3 Ra8 22.Qd2 Rb8
23.Qd3 O-O 24.Bxa6 Qa7 25.Bb5 e4 26.fxe4 Ng4 27.Qd4 Qxd4 28.Nxd4 Bf6 29.Be2 Bxd4
30.Bxg4 Bxb2 31.Kd2 Bc3+ 32.Kd3 Rb7 33.Be2 Ra8 34.Ke3 Kf8 35.a6 Rb6 36.h4 h6
37.Rf1 Ke7 38.Bc4 Ra7 39.Rb1 Kd8 40.Ra3 Kc7 41.Rab3 Rb8 42.Rf1 Kb6 43.Rfb1 Kc7
44.Rf1 Kb6 45.Rfb1 Kc7 46.Rf1 Kd8 47.Rfb1 Rc8 48.Bb5 Rc5 49.Bd3 Kc8 50.Rf1 Re7
51.Rf3 Rxd5 52.Rg3 Ra5 53.Rxc3+ bxc3 54.Rxg7 d5 55.Rh7 Kb8 56.Rxh6 dxe4 57.Bc4 Rc5
58.Be2 f5 59.Rf6 Rg7 60.Kf2 Rd5 61.h5 Ka7 62.g3 Rd2 63.Rxf5 Rxc2 64.Rc5 e3+
65.Kf1 Rf7+ 66.Ke1 Rc1+ 67.Bd1 Rd7 68.h6 Rcxd1+ 69.Ke2 Rh1 70.Kxe3 Rxh6 71.Rxc3 Rg7
72.Kf3 Rhg6 73.Kf2 Kxa6  0-1

[Event "Parsvnath ch-Commonwealth"]
[Site "New Delhi IND"]
[Date "2007.12.09"]
[Round "9"]
[White "Eshwanth,D"]
[Black "Tay Li Jin Jeslin"]
[Result "1/2-1/2"]
[WhiteElo "1801"]
[BlackElo "2050"]

1.e4 c5 2.Nf3 d6 3.d4 cxd4 4.Nxd4 Nf6 5.Nc3 a6 6.Be3 e5 7.Nb3 Be6 8.f3 Nbd7
9.g4 Nb6 10.g5 Nfd7 11.Nd5 Rc8 12.Qd2 Nxd5 13.exd5 Bf5 14.c4 Be7 15.Rc1 Bg6
16.Be2 O-O 17.h4 Bh5 18.Na5 f6 19.O-O fxg5 20.hxg5 Rf5 21.Nxb7 Qc7 22.Na5 Nb8
23.Nb3 Qd8 24.Bd3 Rxg5+ 25.Bxg5 Bxg5 26.Qh2 Bxc1 27.Qxh5 Bh6 28.Qf5 g6 29.Qe6+ Kg7
30.Qg4 Rc7 31.Kh1 Rf7 32.Rg1 Rf4 33.Qe6 Rh4+ 34.Kg2 Be3 35.Re1 Qg5+ 36.Kf1 Rh1+
37.Ke2 Qg2+ 38.Kd1 Qxf3+ 39.Be2 Rxe1+ 40.Kxe1 Bf2+ 41.Kd1 Qh1+ 42.Kc2 Qe4+
43.Bd3 Qf4 44.Qxd6 Ba7 45.Qe7+ Qf7 46.Qxe5+ Kh6  1/2-1/2

[Event "Parsvnath ch-Commonwealth"]
[Site "New Delhi IND"]
[Date "2007.12.10"]
[Round "10"]
[White "Bakre,T"]
[Black "Nitin,S"]
[Result "1-0"]
[WhiteElo "2459"]
[BlackElo "2321"]

1.e4 c5 2.Nf3 d6 3.d4 cxd4 4.Nxd4 Nf6 5.Nc3 a6 6.Be3 e5 7.Nf3 Be7 8.Bc4 O-O
9.O-O Be6 10.Bb3 Nc6 11.Qe2 Na5 12.Rfd1 Qc7 13.Bg5 Rac8 14.Bxf6 Bxf6 15.Rac1 b5
16.Nd5 Bxd5 17.Rxd5 Qb6 18.Rcd1 Be7 19.Nd2 Rc6 20.Nf1 g6 21.R5d3 Nc4 22.c3 Qb7
23.Rf3 Kg7 24.Ne3 Nxe3 25.fxe3 Rc7 26.Bd5 Qb6 27.Rdf1 Bg5 28.Kh1 Qc5 29.Qf2 f5
30.b4 Qxc3 31.exf5 Qd3 32.f6+ Kh8 33.e4 Qd2 34.Qxd2 Bxd2 35.a3 Rc3 36.g4 Rc7
37.Bb3 Bf4 38.f7 Kg7 39.Rd1 Rd8 40.Rfd3 Rc6 41.h4 Kf8 42.g5 Ke7 43.Kg2 Rdc8
44.Kf3 Rc3 45.Ke2 R3c6 46.Rh1 Rc3 47.Rhh3 Rc1 48.h5 Bxg5 49.hxg6 hxg6 50.Rhg3 Bf4
51.Rxg6 Rh8 52.Re6+ Kxf7 53.Rexd6+ Kg7 54.Rd7+ Kg6 55.R3d6+ Kg5 56.Rg7+ Kh4
57.Rdg6 Rh6 58.Rxh6+ Bxh6 59.Rg6 Bf4 60.Rxa6 Rc3 61.Bd5 Bc1 62.a4 bxa4 63.b5 Ba3
64.b6 Bd6 65.b7 Bc7 66.Rb6 Bb8 67.Rh6+ Kg3 68.Rh8 Ba7  1-0

[Event "Parsvnath ch-Commonwealth"]
[Site "New Delhi IND"]
[Date "2007.12.10"]
[Round "10"]
[White "Kutwal,S"]
[Black "Arun Prasad,S"]
[Result "1/2-1/2"]
[WhiteElo "2245"]
[BlackElo "2423"]

1.e4 c5 2.Nf3 d6 3.d4 cxd4 4.Nxd4 Nf6 5.Nc3 a6 6.Be3 e5 7.Nf3 Be7 8.Bc4 O-O
9.O-O Be6 10.Bb3 Nc6 11.Qe2 Na5 12.Rfd1 Nxb3 13.axb3 Qc7 14.Bg5 Nh5 15.Nxe5 Bxg5
16.Qxh5 Bf6 17.Nf3 Bxc3 18.bxc3 Qxc3 19.Nd4 Rae8 20.Qa5 Qxa5 21.Rxa5 Bd7
22.f3 Re5 23.Rxe5 dxe5 24.Nf5 Be6  1/2-1/2

[Event "SVDB IM Norm"]
[Site "Eupen BEL"]
[Date "2007.12.11"]
[Round "5"]
[White "Berelovich,A"]
[Black "Roeder,M"]
[Result "1/2-1/2"]
[WhiteElo "2595"]
[BlackElo "2452"]

1.e4 c5 2.Nf3 d6 3.d4 cxd4 4.Nxd4 Nf6 5.Nc3 a6 6.Be3 e5 7.Nf3 Be7 8.Bc4 O-O
9.O-O Be6 10.Bb3 Nc6 11.Qe2 Rc8 12.Rfd1 Qc7 13.Bg5 Na5 14.Bxf6 Bxf6 15.Nd5 Bxd5
16.Rxd5 Nxb3 17.cxb3 Be7 18.Rd3 Qc2 19.Rd2 Qc6 20.Rad1 f5 21.exf5 Rxf5 22.Nd4 exd4
23.Qxe7 Re8 24.Qh4 Re4 25.Qg3 Rfe5 26.h3 Re1+ 27.Kh2 Rxd1 28.Rxd1 Qe4 29.f3 Qd5
30.Rd2 h6 31.Qg4 d3 32.Qc4 Qxc4 33.bxc4 Re2 34.Rxd3 Rxb2 35.Rxd6 Rxa2 36.Rb6 Rc2
37.Rxb7 Rxc4 38.Ra7 Ra4 39.f4  1/2-1/2

[Event "ch-Hafnarfjordur"]
[Site "Reykjavik ISL"]
[Date "2007.12.15"]
[Round "4"]
[White "Olafsson,Thorv"]
[Black "Bjornsson,Si"]
[Result "1-0"]
[WhiteElo "2150"]
[BlackElo "2290"]

1.e4 c5 2.Nf3 d6 3.d4 cxd4 4.Nxd4 Nf6 5.Nc3 a6 6.Be3 e6 7.f3 b5 8.Qd2 Bb7
9.g4 Nfd7 10.O-O-O Nb6 11.Bd3 N8d7 12.Kb1 Rc8 13.g5 Ne5 14.Qe1 Qc7 15.f4 Nec4
16.Bc1 b4 17.Nce2 e5 18.Nf5 g6 19.Ne3 Nxe3 20.Bxe3 Nc4 21.Bc1 a5 22.Rf1 a4
23.Qxb4 d5 24.Qc3 d4 25.Qxc4 Qxc4 26.Bxc4 Rxc4 27.fxe5 Bxe4 28.Nxd4 Be7 29.Rfe1 Bb7
30.e6 O-O 31.b3 Rcc8 32.Nb5 fxe6 33.Rd7 Bb4 34.Bd2 Bxd2 35.Rxd2 Rc5 36.Nd6 Bc6
37.Ne4 Bxe4 38.Rxe4 a3 39.c4 e5 40.b4 Rb8 41.b5 Rbc8 42.Rc2 Kf7 43.Re3 Ra8
44.Rb3 Ke6 45.Rcc3 Kd6 46.Kc2 e4 47.Rxa3 Rxa3 48.Rxa3 Rxc4+ 49.Rc3 Ra4 50.a3 Ra5
51.b6 Rb5 52.Rb3 Rxb3 53.Kxb3 Kc6 54.Kc4  1-0

[Event "7th Amplico AIG Life"]
[Site "Warsaw POL"]
[Date "2007.12.15"]
[Round "1"]
[White "Guliyev,N"]
[Black "Ralys,V"]
[Result "1-0"]
[WhiteElo "2560"]
[BlackElo "1835"]

1.e4 c5 2.Nf3 d6 3.d4 cxd4 4.Nxd4 Nf6 5.Nc3 a6 6.Be3 e5 7.Nf3 Nc6 8.Bc4 Bg4
9.h3 Bh5 10.Bg5 h6 11.Bxf6 Qxf6 12.Nd5 Qd8 13.c3 Be7 14.Qd3 O-O 15.O-O-O Bg5+
16.Kb1 b5 17.Bb3 Na5 18.g4 Nxb3 19.axb3 Bg6 20.h4 Be7 21.h5 Bh7 22.Nd2 a5
23.Qxb5 Rb8 24.Qa4 Bg5 25.f3 Qc8 26.Nc4 Rd8 27.Nxa5 Qc5 28.b4 Qf2 29.Rhf1 Qe2
30.Qc2 Qa6 31.Qd3 Qxd3+ 32.Rxd3 Rbc8 33.b5 g6 34.hxg6 Bxg6 35.b6 Rc5 36.b4 Rb5
37.c4  1-0

[Event "7th Amplico AIG Life"]
[Site "Warsaw POL"]
[Date "2007.12.15"]
[Round "3"]
[White "Olszewski,Mi"]
[Black "Andrzejewska,E"]
[Result "1-0"]
[WhiteElo "2424"]
[BlackElo "2214"]

1.e4 c5 2.Nf3 d6 3.d4 cxd4 4.Nxd4 Nf6 5.Nc3 a6 6.Be3 e5 7.Nb3 Be7 8.f3 O-O
9.Qd2 Be6 10.g4 d5 11.exd5 Nxd5 12.Nxd5 Bxd5 13.Bg2 Bh4+ 14.Bf2 Bxf2+ 15.Qxf2 Qc7
16.Rd1 Bc6 17.Qd2 b6 18.Qd6 Qb7 19.O-O Nd7 20.Rf2 Rfe8 21.Rfd2 Nf6 22.h3 a5
23.Rd3 Re6 24.Qa3 Rae8 25.Rd8 a4 26.Rxe8+ Rxe8 27.Nd2 Rd8 28.Qe3 Qc7 29.Re1 Qd6
30.Nc4 Qb4 31.Nxe5 Bb7 32.Nd3 Qb5 33.Re2 Bd5 34.g5 Re8 35.Qf2 Nh5 36.Rxe8+ Qxe8
37.Qxb6 Bxa2 38.f4 g6 39.Kf2 Bc4 40.Qe3 Qb8 41.Ne5 Be6 42.Qd4 Qc8 43.c3 Bxh3
44.Bd5 Be6 45.Bf3 Ng7 46.Qxa4 Nf5 47.Qc6 Qb8 48.Qa8 Qxa8 49.Bxa8 h6 50.gxh6 Nxh6
51.b4 Kf8 52.b5  1-0

[Event "7th Amplico AIG Life"]
[Site "Warsaw POL"]
[Date "2007.12.15"]
[Round "5"]
[White "Balogh,C"]
[Black "Jakubowski,K"]
[Result "1-0"]
[WhiteElo "2562"]
[BlackElo "2458"]

1.e4 c5 2.Nf3 d6 3.Nc3 a6 4.d4 cxd4 5.Nxd4 Nf6 6.Be3 e5 7.Nb3 Be6 8.Qd2 Nbd7
9.O-O-O Be7 10.f4 b5 11.f5 Bc4 12.g4 h6 13.Rg1 Rc8 14.Kb1 Bxf1 15.Rdxf1 Nb6
16.Qd3 b4 17.Nd1 Nc4 18.h4 h5 19.g5 Ng4 20.Nd2 Qc7 21.Nxc4 Qxc4 22.b3 Qxd3
23.cxd3 Bd8 24.Rg2 Kd7 25.Bg1 Rc6 26.Nb2 Bb6 27.Bxb6 Rxb6 28.Nc4 Rb5 29.Rc1 Rc8
30.Rgc2 Rcc5 31.a4 bxa3 32.Ka2 Ke7 33.Nxa3 Rxc2+ 34.Rxc2 Rc5 35.Nc4 d5 36.b4 Rb5
37.Na5 Kd7 38.Kb3 Ne3 39.Re2 d4 40.Ra2 Rb6 41.Nc4 Nxc4 42.dxc4 Kc7 43.c5 Rc6
44.Kc4 Kb7 45.Kd5 f6 46.gxf6 gxf6 47.Rg2 Rc7 48.Kd6 Rc6+ 49.Kd5 Rc7 50.Ke6 Rc6+
51.Kf7 a5 52.bxa5 Ka6 53.Ra2 Kb5 54.Kg6 d3 55.Kxh5 Ra6 56.Kg6 Rxa5 57.Rh2 Kxc5
58.h5 Kd4 59.h6 Kxe4 60.h7 Ra8 61.h8=Q Rxh8 62.Rxh8 Kf4 63.Rd8 e4 64.Kxf6 e3
65.Rd4+  1-0

[Event "7th Amplico AIG Life"]
[Site "Warsaw POL"]
[Date "2007.12.15"]
[Round "6"]
[White "Owczarzak,J"]
[Black "Guliyev,N"]
[Result "0-1"]
[WhiteElo "2349"]
[BlackElo "2560"]

1.e4 c5 2.Nf3 d6 3.d4 cxd4 4.Nxd4 Nf6 5.Nc3 a6 6.Be3 e6 7.f3 b5 8.Qd2 Nbd7
9.a3 Bb7 10.Bd3 Be7 11.O-O Ne5 12.Kh1 Rc8 13.Qf2 O-O 14.Nde2 d5 15.Rfd1 dxe4
16.Bxe4 Qc7 17.Bxb7 Qxb7 18.Bd4 Nc4 19.Qg3 Rfd8 20.Ne4 e5 21.Nxf6+ Bxf6 22.Bc3 Ne3
23.Rxd8+ Rxd8 24.Bxe5 Bxe5 25.Qxe5 Nc4 26.Qc3 Qe7 27.Ng3 Rd2 28.b3 Qe3 29.Qxe3 Nxe3
30.c4 bxc4 31.bxc4 Nxc4 32.Ne4 Rc2 33.g3 h6 34.a4 f5 35.Nc5 Ne5  0-1

[Event "7th Amplico AIG Life"]
[Site "Warsaw POL"]
[Date "2007.12.15"]
[Round "8"]
[White "Brendel,O"]
[Black "Mista,A"]
[Result "0-1"]
[WhiteElo "2387"]
[BlackElo "2543"]

1.e4 c5 2.Nf3 d6 3.d4 Nf6 4.Nc3 cxd4 5.Nxd4 a6 6.Be3 e5 7.Nb3 Be7 8.f3 Be6
9.Qd2 O-O 10.O-O-O Nbd7 11.g4 b5 12.g5 b4 13.Ne2 Ne8 14.Ng3 a5 15.Kb1 Nb6
16.Nf5 Bxf5 17.exf5 d5 18.f6 gxf6 19.gxf6 Bxf6 20.Rg1+ Kh8 21.Bc5 Be7 22.Qh6 Bxc5
23.Nxc5 Qd6 24.Ne6 fxe6 25.Bd3 Ra7 26.Rg3 e4 27.fxe4 e5 28.Rg6 Rf6 29.exd5 Rxg6
30.Bxg6 Rg7 31.Rf1 Qxg6 32.Qe3 Qd6 33.h4 Nxd5  0-1

[Event "TCh-HUN 2007-8"]
[Site "Budapest HUN"]
[Date "2007.12.16"]
[Round "5"]
[White "Papp,Ge"]
[Black "Varadi,V"]
[Result "1-0"]
[WhiteElo "2414"]
[BlackElo "2443"]

1.e4 c5 2.Nf3 d6 3.d4 cxd4 4.Nxd4 Nf6 5.Nc3 a6 6.Be3 e5 7.Nde2 Be6 8.f4 g6
9.h3 h5 10.g3 Bg7 11.Bg2 O-O 12.O-O exf4 13.gxf4 Nc6 14.Qd2 Re8 15.Nd4 Nxd4
16.Bxd4 Rc8 17.f5 Bc4 18.fxg6 fxg6 19.Qg5 Bxf1 20.Rxf1 Rf8 21.Qxg6 Rc4 22.Ne2 Qe7
23.c3 Rc7 24.Ng3 Nd7 25.Nf5 Rxf5 26.exf5 Nf6 27.Kf2 Qf7 28.Re1 Kf8 29.Re6 Ne8
30.Bxg7+ Nxg7 31.Rf6  1-0

[Event "7th Amplico AIG Life Gp3"]
[Site "Warsaw POL"]
[Date "2007.12.16"]
[Round "3"]
[White "Przybylski,W"]
[Black "Guliyev,N"]
[Result "0-1"]
[WhiteElo "2395"]
[BlackElo "2560"]

1.e4 c5 2.Nf3 d6 3.d4 cxd4 4.Nxd4 Nf6 5.Nc3 a6 6.Be3 e6 7.Be2 Qc7 8.O-O b5
9.a3 Bb7 10.Bf3 Nbd7 11.Bg5 Be7 12.g3 O-O 13.Bg2 Ne5 14.Qe2 Nc4 15.Bc1 Rac8
16.Nd1 d5 17.b3 Bc5 18.bxc4 Bxd4 19.c3 Ba7 20.cxb5 dxe4 21.Bg5 Qe5 22.bxa6 Bd5
23.Bf4 Qf5 24.Ne3 Qg6 25.c4 Bxe3 26.Qxe3 Bxc4 27.a7 Bxf1 28.Rxf1 Qf5 29.Bd6 Rfd8
30.Qb6 Qd5 31.Bb8 Nd7 32.Qb1 f5 33.Bf4 Qa8 34.Be3 Nc5 35.Qb6 Rc6 36.Qa5 Rdc8
37.f3 Ra6 38.Qb5 Qxa7 39.fxe4 Rxa3 40.Bf2 Qa5 41.Qc4 Qc3 42.Qxc3 Rxc3 43.exf5 exf5
44.Bd5+ Kh8 45.Bg2 Ne4 46.Bd4 Rc1 47.Bh3 Rxf1+ 48.Kxf1 Kg8 49.Be3 g6 50.Bg2 h5
51.Bf4 Rc2 52.Kg1  0-1

[Event "7th Amplico AIG Life"]
[Site "Warsaw POL"]
[Date "2007.12.16"]
[Round "9"]
[White "Bartel,Mi"]
[Black "Jakubowski,K"]
[Result "0-1"]
[WhiteElo "2268"]
[BlackElo "2458"]

1.e4 c5 2.Nf3 d6 3.d4 Nf6 4.Nc3 cxd4 5.Nxd4 a6 6.Be3 e5 7.Nb3 Be6 8.f4 exf4
9.Bxf4 Be7 10.Qe2 O-O 11.h3 Nbd7 12.O-O-O Qb8 13.g4 Ne5 14.Nd4 Rc8 15.Nxe6 fxe6
16.Bxe5 dxe5 17.g5 Ne8 18.Qg4 Rc6 19.Bc4 Nc7 20.Bb3 Qe8 21.h4 b5 22.Kb1 Rd8
23.h5 Rcd6 24.a3 Rxd1+ 25.Nxd1 Qc6 26.Nf2 Rd4 27.Re1 a5 28.Nd3 a4 29.Ba2 b4
30.axb4 Bxb4 31.Nxb4 Rxb4 32.Re3 Qb6 33.Rc3 Rxb2+ 34.Ka1 a3 35.Rxa3 Rxc2
36.Rb3 Qa7 37.Rb2 Rc1+  0-1

[Event "7th Amplico AIG Life"]
[Site "Warsaw POL"]
[Date "2007.12.16"]
[Round "10"]
[White "Skuja,A"]
[Black "Zawadzka,J"]
[Result "0-1"]
[WhiteElo "2221"]
[BlackElo "2371"]

1.e4 c5 2.Nf3 d6 3.d4 cxd4 4.Nxd4 Nf6 5.Nc3 a6 6.Be3 e5 7.Nb3 Be6 8.f3 Nbd7
9.Qd2 b5 10.g4 b4 11.Nd5 Bxd5 12.exd5 Nb6 13.Qxb4 Nfxd5 14.Qe4 Nxe3 15.Qxe3 Be7
16.Bd3 Bh4+ 17.Kf1 O-O 18.Qe4 g6 19.Rd1 Qf6 20.c4 Rac8 21.Kg2 Rfd8 22.Be2 Qe6
23.Rc1 Bg5 24.Rc2 d5 25.cxd5 Nxd5 26.Rxc8 Rxc8 27.Bd3 f5 28.gxf5 gxf5 29.Nd4 fxe4
30.Nxe6 exd3 31.Nxg5 Rc2+ 32.Kg3 d2  0-1

[Event "7th Amplico AIG Life"]
[Site "Warsaw POL"]
[Date "2007.12.16"]
[Round "11"]
[White "Jedryczka,K"]
[Black "Bromberger,S"]
[Result "1/2-1/2"]
[WhiteElo "2266"]
[BlackElo "2491"]

1.e4 c5 2.Nf3 d6 3.d4 cxd4 4.Nxd4 Nf6 5.Nc3 a6 6.Be3 e5 7.Nb3 Be6 8.Qd2 Nbd7
9.f3 Be7 10.g4 b5 11.g5 b4 12.Ne2 Nh5 13.O-O-O a5 14.Kb1 a4 15.Nbc1 O-O 16.Ng3 Nf4
17.h4 Qa5 18.Nf5 Bxf5 19.exf5 Rfc8 20.f6 gxf6 21.Bxf4 exf4 22.Bh3 f5 23.Rhe1 Ne5
24.Bxf5 Bf8 25.Bxc8 Nxf3 26.Qxf4 Nxe1 27.Bf5 b3 28.cxb3 axb3 29.a3 Bg7 30.Bxh7+ Kxh7
31.Qe4+ Kg8 32.Rxe1 Bxb2 33.g6 fxg6 34.Qxg6+ Bg7 35.Re7 Qc3 36.Qf7+ Kh8 37.Qh5+ Kg8
38.Qd5+ Kh7 39.Qe4+ Kh6 40.Re6+ Bf6 41.Rxf6+ Qxf6 42.Qxa8 Qf5+ 43.Ka1 Qe5+
44.Kb1  1/2-1/2

[Event "Open A"]
[Site "Zadar CRO"]
[Date "2007.12.18"]
[Round "4"]
[White "Brkic,A"]
[Black "Rezan,S"]
[Result "1/2-1/2"]
[WhiteElo "2577"]
[BlackElo "2398"]

1.e4 c5 2.Nf3 d6 3.d4 cxd4 4.Nxd4 Nf6 5.Nc3 a6 6.Be3 e6 7.g4 h6 8.Bg2 Nc6
9.h3 Bd7 10.Qe2 Rc8 11.f4 b5 12.O-O-O b4 13.Nd5 exd5 14.exd5 Nxd4 15.Bxd4+ Be7
16.Rhe1 Bb5 17.Qe3 Qc7 18.c3 bxc3 19.Bxc3 Kf8 20.g5 hxg5 21.fxg5 Ng8 22.Rd4 Qd8
23.h4 Rxh4 24.Rxh4 Bxg5 25.Rf4 Rc4 26.Be4 Qf6 27.Rxf6 Bxe3+ 28.Rxe3 Nxf6
29.Bf3 Rc5 30.b4 Nxd5 31.bxc5 Nxe3 32.c6 Ke7 33.Bxg7 Kd8 34.Bd4 Nc4 35.Bd5 Ne5
36.Bxe5 dxe5 37.Bxf7 Bxc6 38.Kd2 Ke7 39.Bg6 Bd5 40.a3 Kd6 41.Kc3 Kc5 42.Bf5 a5
43.Bg6 Bf3 44.Bh7 Be2 45.Be4 Bc4 46.Bg6 Bd5 47.Bh7 Kd6 48.Bg6 Ke6 49.Kd2 Kf6
50.Bd3 Kg5 51.Ke3  1/2-1/2

[Event "Open A"]
[Site "Zadar CRO"]
[Date "2007.12.19"]
[Round "6"]
[White "Palac,M"]
[Black "Rezan,S"]
[Result "1/2-1/2"]
[WhiteElo "2567"]
[BlackElo "2398"]

1.e4 c5 2.Nf3 d6 3.d4 cxd4 4.Nxd4 Nf6 5.Nc3 a6 6.Be3 e6 7.g4 h6 8.Bg2 Nc6
9.h3 g5 10.Qe2 Ne5 11.f4 gxf4 12.Bxf4 Bd7 13.Nf3 Qa5 14.Nxe5 dxe5 15.Be3 Ba3  1/2-1/2

[Event "Open A"]
[Site "Zadar CRO"]
[Date "2007.12.20"]
[Round "7"]
[White "Saric,Iv"]
[Black "Zivkovic,Vj"]
[Result "1-0"]
[WhiteElo "2466"]
[BlackElo "2426"]

1.e4 c5 2.Nf3 d6 3.d4 cxd4 4.Nxd4 Nf6 5.Nc3 a6 6.Be3 e6 7.Be2 Be7 8.a4 Nc6
9.f4 O-O 10.O-O Qc7 11.Bf3 Nxd4 12.Qxd4 e5 13.Qd2 exf4 14.Bxf4 Be6 15.Rfd1 Rfd8
16.a5 Rac8 17.Kh1 h6 18.Ra4 b5 19.axb6 Qxb6 20.Be3 Qxb2 21.Bd4 Qb8 22.Rxa6 Rc4
23.Be2 Rxc3 24.Qxc3 Nxe4 25.Qa1 d5 26.Bf3 Bf8 27.Be5 Qc8 28.Bxe4 dxe4 29.Rxd8 Qxd8
30.Ra8 Bc8 31.Qd4 Qe8 32.Bxg7 Bxg7 33.Qc4 Qe5 34.Qxc8+ Kh7 35.Qg8+ Kg6 36.Ra6+ Kg5
37.Qxf7  1-0

[Event "Weihnachtsopen Meister"]
[Site "Zurich SUI"]
[Date "2007.12.27"]
[Round "2"]
[White "Fleck,Ju"]
[Black "Schiendorfer,E"]
[Result "1-0"]
[WhiteElo "2431"]
[BlackElo "2163"]

1.e4 c5 2.Nf3 d6 3.d4 cxd4 4.Nxd4 Nf6 5.Nc3 a6 6.Be3 Ng4 7.Bg5 h6 8.Bh4 g5
9.Bg3 Bg7 10.h3 Ne5 11.f3 Nbc6 12.Bf2 Ng6 13.Qd2 Nxd4 14.Bxd4 Bxd4 15.Qxd4 b5
16.O-O-O Be6 17.Kb1 Rc8 18.g3 f6 19.Qe3 Ne5 20.f4 Nc4 21.Bxc4 Rxc4 22.e5 fxe5
23.fxe5 d5 24.h4 b4 25.Ne2 Bf5 26.Nd4 Be4 27.Rh2 gxh4 28.Rxh4 Qb6 29.e6 Rf8
30.b3 Rxd4 31.Qxd4 Qxe6 32.Qxb4 Rf2 33.Qb8+ Kf7 34.Rf4+ Rxf4 35.Qxf4+ Kg7
36.Rd2 a5 37.a4 Qb6 38.Kb2 Qb4 39.Qe5+ Kg6 40.Rf2 Qb6 41.Rf4 h5 42.g4  1-0